000 00505nam a22001817a 4500
005 20260604125745.0
008 260604b |||||||| |||| 00| 0 eng d
020 _a9789350517871
_c775.00
040 _aMAIN
041 _aEnglish
082 _a332.1
_bDES
100 _aDesai, Vasant
_93779
245 _aIndian Financial System and Financial Market Operations
_b: New Pace New Momentum
260 _aMumbai
_bHimalaya
_c2012
300 _a615
650 _aEconomics (PM USHA)
_926774
942 _cBK
999 _c61008
_d61008